| 000 | 00657na a2200217 4500 | ||
|---|---|---|---|
| 001 | 24199 | ||
| 003 | MIRAKIL | ||
| 005 | 20181213155331.0 | ||
| 008 | 180612b tu 000 0 | ||
| 040 |
_aMilas _btur _cTR-AnCHP |
||
| 041 | _atur | ||
| 082 |
_a328.561 _bT15t 2007 |
||
| 090 | _a328.561 T15t 2007 | ||
| 110 | _aTürkiye Büyük Millet Meclisi (TBMM) | ||
| 245 |
_aTBMM albümü 23. dönem _cTürkiye Büyük Millet Meclisi (TBMM) |
||
| 260 |
_aAnkara _bTürkiye Büyük Millet Meclisi (TBMM) _c2007 |
||
| 300 |
_a309 s. _bfotg. _c19 sm. |
||
| 610 |
_aTBMM _xAlbümler _y2007 |
||
| 657 | _a23. dönem milletvekili albümü | ||
| 942 |
_2ddc _cBKS |
||
| 999 |
_c10724 _d10724 |
||